000 00316nam a22001337a 4500
008 170727b xxu||||| |||| 00| 0 eng d
020 _a9780750679671
041 _aeng
080 _a004
100 _a31
101 _aSHK
245 _aBIOMETRIC TECHNOLOGIES AND VERIFICATION SYSTEMS
_cVACCA,J,R
942 _2udc
_cBK
999 _c21982
_d21982